Tous les clubs français de la Ligue 1 à la National saison 2022-2023 - Statistiques

Statistiques générales
  • Ce quiz a été pris 140 fois
  • Le résultat moyen est 31 sur 58
Statistiques - réponses
Division Club : % Correct
Ligue 1 Paris Saint-Germain
96%
Ligue 1 Olympique de Marseille
95%
Ligue 1 Olympique Lyonnais
94%
Ligue 1 Stade rennais FC
86%
Ligue 2 AS Saint-Etienne
82%
Ligue 1 AJ Auxerre
81%
Ligue 1 Toulouse FC
81%
Ligue 1 LOSC Lille
77%
Ligue 1 RC Lens
77%
Ligue 1 FC Nantes
76%
Ligue 1 AS Monaco
75%
Ligue 1 Stade Brestois 29
75%
Ligue 1 Montpellier HSC
74%
Ligue 1 OGC Nice
73%
Ligue 2 FC Metz
70%
Ligue 2 Girondins de Bordeaux
70%
Ligue 1 Stade de Reims
69%
Ligue 1 Angers SCO
67%
Ligue 1 Clermont Foot 63
64%
Ligue 2 Dijon FCO
63%
Ligue 2 Paris FC
62%
Ligue 1 FC Lorient
61%
Ligue 1 RC Strasbourg
61%
Ligue 2 Le Havre AC
59%
Ligue 2 Nîmes Olympique
59%
Ligue 1 AC Ajaccio
58%
Ligue 2 Amiens SC
56%
National AS Nancy-Lorraine
56%
Ligue 1 ES Troyes AC
56%
Ligue 2 FC Sochaux-Montbéliard
56%
Ligue 2 SM Caen
56%
Ligue 2 Valenciennes FC
51%
Ligue 2 EA Guingamp
50%
National Red Star FC
49%
Ligue 2 US Quevilly-Rouen Métropole
47%
Ligue 2 Chamois Niortais FC
45%
National USL Dunkerque
45%
Ligue 2 Grenoble Foot 38
44%
Ligue 2 FC Annecy
43%
Ligue 2 Sporting Club de Bastia
43%
National Le Mans FC
41%
Ligue 2 Pau FC
38%
National US Orléans
36%
Ligue 2 Stade lavallois
34%
National US Concarneau
34%
Ligue 2 Rodez AF
33%
National CS Sedan Ardennes
32%
National LB Châteauroux
31%
National FC Versailles
29%
National FC Martigues
23%
National FC Borgo
21%
National Bourg-en-Bresse 01
20%
National FC Villefranche Beaujolais
19%
National US Avranches
19%
National Stade Briochin
17%
National Paris 13 Atletico
14%
National SO Cholet
13%
National Le Puy Fou
0%
Aucun quiz correspondant
Distribution des résultats
% des personnes avec chaque résultat
Percentile par nombre de réponses
Votre historique - résultats
Vous n’avez pas pris ce quiz